ARRUPE JESUIT UNIVERSITY

CORONAVIRUS -STOP THE SPREAD - CLEAN,DISINFECT,COVER

Rich Christians in an age of hunger : (Record no. 131604)

MARC details
000 -LEADER
fixed length control field 01579cam a22003973a 4500
001 - CONTROL NUMBER
control field 14450031
003 - CONTROL NUMBER IDENTIFIER
control field ARRUPE
005 - DATE AND TIME OF LATEST TRANSACTION
control field 20221130090343.0
008 - FIXED-LENGTH DATA ELEMENTS--GENERAL INFORMATION
fixed length control field 060713s1997 tnua b 001 0 eng d
010 ## - LIBRARY OF CONGRESS CONTROL NUMBER
LC control number 2006279305
020 ## - INTERNATIONAL STANDARD BOOK NUMBER
International Standard Book Number 0849945305
028 ## - PUBLISHER NUMBER
Source Arrupe
035 ## - SYSTEM CONTROL NUMBER
System control number (OCoLC)ocm62769872
040 ## - CATALOGING SOURCE
Original cataloging agency TWV
Transcribing agency TWV
Modifying agency DLC
042 ## - AUTHENTICATION CODE
Authentication code lccopycat
050 00 - LIBRARY OF CONGRESS CALL NUMBER
Classification number BR115.H86
Item number S53 1997b
082 04 - DEWEY DECIMAL CLASSIFICATION NUMBER
Classification number 261.8/5
Edition number 21
300 ## - PHYSICAL DESCRIPTION
Other physical details ill. ;
Dimensions 23 cm.
100 1# - MAIN ENTRY--PERSONAL NAME
Personal name Sider, Ronald J.
9 (RLIN) 52110
245 10 - TITLE STATEMENT
Title Rich Christians in an age of hunger :
Remainder of title moving from affluence to generosity /
Statement of responsibility, etc by Ronald J. Sider.
250 ## - EDITION STATEMENT
Edition statement New ed.
260 ## - PUBLICATION, DISTRIBUTION, ETC. (IMPRINT)
Place of publication, distribution, etc [Nashville] :
Name of publisher, distributor, etc W Pub. Group,
Date of publication, distribution, etc c1997.
300 ## - PHYSICAL DESCRIPTION
Extent xxi, 335 p. :
500 ## - GENERAL NOTE
General note "Fifth edition"--P. xiii.
504 ## - BIBLIOGRAPHY, ETC. NOTE
Bibliography, etc Includes bibliographical references (p. 271-281) and index.
650 #0 - SUBJECT ADDED ENTRY--TOPICAL TERM
Topical term or geographic name as entry element Hunger
General subdivision Religious aspects
-- Christianity.
9 (RLIN) 52111
650 #0 - SUBJECT ADDED ENTRY--TOPICAL TERM
Topical term or geographic name as entry element Wealth
General subdivision Religious aspects
-- Christianity.
9 (RLIN) 12110
650 #0 - SUBJECT ADDED ENTRY--TOPICAL TERM
Topical term or geographic name as entry element Economics
General subdivision Religious aspects
-- Christianity.
9 (RLIN) 2726
650 #0 - SUBJECT ADDED ENTRY--TOPICAL TERM
Topical term or geographic name as entry element Food supply
General subdivision Religious aspects
-- Christianity.
9 (RLIN) 52112
650 #0 - SUBJECT ADDED ENTRY--TOPICAL TERM
Topical term or geographic name as entry element Simplicity
General subdivision Religious aspects
-- Christianity.
9 (RLIN) 52113
650 #0 - SUBJECT ADDED ENTRY--TOPICAL TERM
Topical term or geographic name as entry element Economics in the Bible.
9 (RLIN) 52114
856 41 - ELECTRONIC LOCATION AND ACCESS
Materials specified Table of contents only
Uniform Resource Identifier <a href="http://www.loc.gov/catdir/toc/fy0613/2006279305.html">http://www.loc.gov/catdir/toc/fy0613/2006279305.html</a>
856 42 - ELECTRONIC LOCATION AND ACCESS
Materials specified Publisher description
Uniform Resource Identifier <a href="http://www.loc.gov/catdir/enhancements/fy0665/2006279305-d.html">http://www.loc.gov/catdir/enhancements/fy0665/2006279305-d.html</a>
906 ## - LOCAL DATA ELEMENT F, LDF (RLIN)
a 7
b cbc
c copycat
d 2
e ncip
f 20
g y-gencatlg
942 ## - ADDED ENTRY ELEMENTS (KOHA)
Source of classification or shelving scheme Library of Congress Classification
Koha item type Monograph ( Printed materials)
Holdings
Withdrawn status Lost status Source of classification or shelving scheme Damaged status Not for loan Home library Current library Shelving location Date acquired Total Checkouts Full call number Barcode Date last seen Price effective from Koha item type
    Library of Congress Classification     ARRUPE LIBRARY ARRUPE LIBRARY Main Collection 30/11/2022   BR115.H86 S53 1997b 46700000123 30/11/2022 30/11/2022 Monograph ( Printed materials)

 

Arrupe Library. PO Box MP320 Mt Pleasant, Harare, Zimbabwe
263 242 745411|librarian@aju.ac.zw